[Event "2014 Australian Championships"]
[Site "Melbourne"]
[Date "2014.01.10"]
[Round "10.16"]
[White "Levi, Eddy"]
[Black "Tang, Jason"]
[Result "0-1"]
[WhiteElo "2134"]
[BlackElo "2067"]
[PlyCount "146"]
[EventDate "2014.01.??"]
[EventType "swiss"]
[EventRounds "11"]
[EventCountry "AUS"]
[SourceDate "2014.01.02"]

1. e4 e6 2. f4 d5 3. e5 c5 4. Nf3 Nc6 5. c3 Nh6 6. Na3 Be7 7. Nc2 f6 8. d4 fxe5
9. fxe5 Nf5 10. Be2 O-O 11. O-O Bd7 12. Ne3 Nxe3 13. Bxe3 cxd4 14. cxd4 Be8 15.
a3 Bg6 16. b4 a5 17. b5 Na7 18. a4 Rc8 19. Rc1 Bf5 20. Ne1 Bg5 21. Qd2 Bxe3+
22. Qxe3 Rxc1 23. Qxc1 Nc8 24. Bd3 Bxd3 25. Rxf8+ Qxf8 26. Nxd3 Qd8 27. Nc5 Qe7
28. Nb3 Nb6 29. Nxa5 Qb4 30. Nxb7 Qxd4+ 31. Kh1 Qxa4 32. Nd6 Nc4 33. h3 Qb4 34.
Qf4 Qe1+ 35. Kh2 Qxe5 36. Qxe5 Nxe5 37. b6 Nc6 38. b7 Kf8 39. Kg3 Ke7 40. Nb5
Kd7 41. Kf4 g6 42. h4 h6 43. g4 e5+ 44. Kf3 Nb8 45. h5 g5 46. Nc3 Kc6 47. Nd1
Kxb7 48. Ne3 e4+ 49. Kg3 Kc6 50. Nf5 Nd7 51. Nxh6 d4 52. Nf5 Kd5 53. h6 Nf6 54.
Kg2 Kc4 55. Nd6+ Kd3 56. Nf7 Nh7 57. Kf1 Kd2 58. Ne5 Nf6 59. Nc4+ Kd1 60. Nb2+
Kc2 61. Nc4 Kd3 62. Nd6 Ke3 63. Ne8 Nh7 64. Ng7 Kf3 65. Nf5 d3 66. Ke1 e3 67.
Nd6 Kxg4 68. Nc4 Kf5 69. Nb2 Ke4 70. Na4 Kf3 71. Nc3 g4 72. Nb5 d2+ 73. Kd1 e2+
0-1

[Event "2014 Australian Championships"]
[Site "Melbourne"]
[Date "2014.01.10"]
[Round "10.17"]
[White "Stojic, Svetozar"]
[Black "Castor, David"]
[Result "0-1"]
[WhiteElo "2029"]
[BlackElo "2125"]
[PlyCount "112"]
[EventDate "2014.01.??"]
[EventType "swiss"]
[EventRounds "11"]
[EventCountry "AUS"]
[SourceDate "2014.01.02"]

1. e4 c6 2. d4 d5 3. Nd2 dxe4 4. Nxe4 Bf5 5. Nc5 e5 6. Nxb7 Qxd4 7. Qxd4 exd4
8. Nf3 c5 9. Bd3 Bxd3 10. cxd3 Nc6 11. Bf4 Nf6 12. O-O-O Kd7 13. Ng5 Nh5 14.
Bd2 Rb8 15. Nxf7 Rxb7 16. Nxh8 Ne5 17. Kc2 Bd6 18. Rde1 c4 19. Rxe5 cxd3+ 20.
Kxd3 Bxe5 21. Nf7 Bf4 22. b3 Bxd2 23. Kxd2 Rb5 24. Re1 Rf5 25. Ne5+ Kc7 26. f3
Rf6 27. g3 Ra6 28. a4 Rb6 29. Rc1+ Kb7 30. Nd3 Nf6 31. b4 Nd5 32. Rc4 Rh6 33.
h4 Ne3 34. Rxd4 Nf1+ 35. Kc3 Nxg3 36. Rd7+ Kb6 37. a5+ Ka6 38. Rxg7 Nf5 39. Rf7
Nd6 40. Rf8 Nb5+ 41. Kc4 Rxh4+ 42. f4 Nd6+ 43. Kd5 Nb7 44. Rb8 Rh3 45. Kd4 Rh5
46. Ne5 Nd6 47. Kd5 Nb5 48. Ke6 Nd4+ 49. Kd7 Rf5 50. Nd3 Rd5+ 51. Ke8 Nc6 52.
Nc5+ Rxc5 53. bxc5 Nxb8 54. f5 Kb7 55. f6 Kc6 56. f7 Nd7 0-1

[Event "2014 Australian Championships"]
[Site "Melbourne"]
[Date "2014.01.10"]
[Round "10.18"]
[White "Louie, Ryan"]
[Black "Loh, Zachary"]
[Result "*"]
[WhiteElo "1909"]
[BlackElo "2032"]
[PlyCount "104"]
[EventDate "2014.01.??"]
[EventType "swiss"]
[EventRounds "11"]
[EventCountry "AUS"]
[SourceDate "2014.01.02"]

1. e4 e6 2. d4 d5 3. Nd2 Be7 4. Ngf3 Nf6 5. e5 Nfd7 6. c3 c5 7. Be2 Nc6 8. O-O
a5 9. Re1 b6 10. Bb5 Qc7 11. Ba4 Ba6 12. Bc2 cxd4 13. cxd4 Nb4 14. Bb1 Nd3 15.
Bxd3 Bxd3 16. Nf1 Bg6 17. Bg5 Bb4 18. Rc1 Qb7 19. Bd2 Be7 20. Bg5 Bxg5 21. Nxg5
O-O 22. Qd2 b5 23. h4 h6 24. Nh3 Nb6 25. b3 b4 26. Nf4 Bh7 27. Nd3 Nd7 28. Nc5
Nxc5 29. Rxc5 a4 30. bxa4 Rxa4 31. Rec1 Qa6 32. Rc7 Bg6 33. Ng3 Qd3 34. Qf4
Rxa2 35. h5 Bf5 36. Qh4 b3 37. Qe7 Raa8 38. Nxf5 Qxf5 39. Qb4 Rab8 40. Rb7 Rxb7
41. Qxb7 Qd3 42. Qb4 Ra8 43. Rc3 Qd1+ 44. Kh2 Qxh5+ 45. Rh3 Qe2 46. Rf3 b2 47.
Qb7 Rf8 48. Kg3 Qd2 49. Qb6 h5 50. Kh4 Rc8 51. Kxh5 Qh6+ 52. Kg4 Qg6+ *

[Event "2014 Australian Championships"]
[Site "Melbourne"]
[Date "2014.01.10"]
[Round "10.19"]
[White "Hu, Jason"]
[Black "Nemeth, John"]
[Result "0-1"]
[WhiteElo "2118"]
[BlackElo "2115"]
[PlyCount "66"]
[EventDate "2014.01.??"]
[EventType "swiss"]
[EventRounds "11"]
[EventCountry "AUS"]
[SourceDate "2014.01.02"]

1. d4 d5 2. Nf3 Nf6 3. Bg5 e6 4. e3 Be7 5. Bd3 h6 6. Bh4 O-O 7. O-O Nbd7 8. c3
c5 9. Nbd2 b6 10. Qe2 Bb7 11. Rfe1 Ne4 12. Bxe7 Qxe7 13. Rad1 e5 14. dxe5 Nxd2
15. Rxd2 Nxe5 16. Nxe5 Qxe5 17. Ba6 Bc6 18. Red1 Rad8 19. Bb5 Bb7 20. Qg4 Rd6
21. Qa4 Qe7 22. Be2 Rg6 23. Bf3 d4 24. e4 Bxe4 25. Re2 Bxf3 26. Rxe7 Rxg2+ 27.
Kf1 Rxh2 28. Ke1 Rh1+ 29. Kd2 Rxd1+ 30. Kc2 d3+ 31. Kb3 Bd5+ 32. Ka3 Ra1 33. c4
d2 0-1

[Event "2014 Australian Championships"]
[Site "Melbourne"]
[Date "2014.01.10"]
[Round "10.20"]
[White "Vlietstra, Marc"]
[Black "Michaille, Laurent"]
[Result "1-0"]
[WhiteElo "2035"]
[BlackElo "2115"]
[PlyCount "58"]
[EventDate "2014.01.??"]
[EventType "swiss"]
[EventRounds "11"]
[EventCountry "AUS"]
[SourceDate "2014.01.02"]

1. e4 c5 2. Nf3 Nc6 3. d4 cxd4 4. Nxd4 e5 5. Nb5 d6 6. N1c3 a6 7. Na3 Be6 8.
Bc4 b5 9. Bd5 Rc8 10. Ne2 Nf6 11. Bg5 Bxd5 12. exd5 Ne7 13. Bxf6 gxf6 14. O-O
Bg7 15. Ng3 Qd7 16. f4 O-O 17. f5 Kh8 18. c3 Rc5 19. Nc2 Rxd5 20. Qe2 Bh6 21.
Ne4 Ng8 22. Nb4 Rc5 23. Nxc5 Qa7 24. Kh1 dxc5 25. Nc2 Qb7 26. Rad1 Ne7 27. Qf3
e4 28. Qh5 Bg7 29. Rf4 Rg8 1-0

[Event "2014 Australian Championships"]
[Site "Melbourne"]
[Date "2014.01.11"]
[Round "11.8"]
[White "Matheson, Laurence"]
[Black "Wohl, Aleksandar"]
[Result "1/2-1/2"]
[WhiteElo "2161"]
[BlackElo "2371"]
[PlyCount "43"]
[EventDate "2014.01.??"]
[EventType "swiss"]
[EventRounds "11"]
[EventCountry "AUS"]
[SourceDate "2014.01.02"]

1. d4 g6 2. c4 Bg7 3. e4 d6 4. f3 e5 5. dxe5 dxe5 6. Qxd8+ Kxd8 7. Nc3 Nc6 8.
Be3 Be6 9. O-O-O+ Kc8 10. b3 Nf6 11. g3 Nd7 12. Bh3 Nf8 13. Bxe6+ Nxe6 14. Nge2
h5 15. Nd5 b6 16. f4 Kb7 17. f5 Ned4 18. Nxd4 exd4 19. Bf4 Bh6 20. Bxh6 Rxh6
21. fxg6 fxg6 22. Rhf1 1/2-1/2

[Event "2014 Australian Championships"]
[Site "Melbourne"]
[Date "2014.01.11"]
[Round "11.9"]
[White "Li, Luke"]
[Black "Dragicevic, Domagoj"]
[Result "1/2-1/2"]
[WhiteElo "2336"]
[BlackElo "2199"]
[PlyCount "78"]
[EventDate "2014.01.??"]
[EventType "swiss"]
[EventRounds "11"]
[EventCountry "AUS"]
[SourceDate "2014.01.02"]

1. d4 Nf6 2. c4 e6 3. Nc3 Bb4 4. a3 Bxc3+ 5. bxc3 c5 6. f3 d5 7. cxd5 exd5 8.
e3 Qc7 9. Ra2 O-O 10. Bd3 b6 11. Ne2 Ba6 12. Bxa6 Nxa6 13. O-O Rac8 14. Qd3 Nb8
15. Bd2 cxd4 16. cxd4 Qc4 17. Qxc4 Rxc4 18. Rc1 Rfc8 19. Rxc4 Rxc4 20. Nf4 Nc6
21. Kf2 Kf8 22. Ke2 Ke7 23. Kd3 Ra4 24. Ne2 b5 25. Nc3 Ra5 26. Nb1 Ra6 27. Rb2
Rb6 28. e4 Ke6 29. Nc3 b4 30. exd5+ Nxd5 31. Nxd5 Kxd5 32. axb4 Ra6 33. Rb3
Nxd4 34. Rc3 Ne6 35. f4 f5 36. g3 Ra4 37. Rc8 Ra3+ 38. Bc3 Ra2 39. Bd2 Ra3+
1/2-1/2

[Event "2014 Australian Championships"]
[Site "Melbourne"]
[Date "2014.01.11"]
[Round "11.10"]
[White "Morris, James"]
[Black "Canfell, Greg"]
[Result "1-0"]
[WhiteElo "2405"]
[BlackElo "2343"]
[PlyCount "53"]
[EventDate "2014.01.??"]
[EventType "swiss"]
[EventRounds "11"]
[EventCountry "AUS"]
[SourceDate "2014.01.02"]

1. e4 c5 2. Nc3 a6 3. a4 d6 4. f4 Nc6 5. Nf3 g6 6. Bc4 Bg7 7. O-O Nf6 8. d3 O-O
9. Bb3 Rb8 10. Qe1 b5 11. axb5 axb5 12. e5 Nh5 13. h3 dxe5 14. f5 Nd4 15. fxg6
hxg6 16. Nxd4 cxd4 17. Ne4 Bb7 18. Ng5 Bf6 19. g4 Qd7 20. gxh5 Bxg5 21. Qg3
Bxc1 22. Raxc1 e6 23. Rf6 Qc6 24. Kh2 Kh8 25. Rg1 Rg8 26. Qh4 g5 27. Rh6+ 1-0

[Event "2014 Australian Championships"]
[Site "Melbourne"]
[Date "2014.01.11"]
[Round "11.11"]
[White "Sukandar, Irene"]
[Black "Choong, Yita"]
[Result "1-0"]
[WhiteElo "2369"]
[BlackElo "2203"]
[PlyCount "107"]
[EventDate "2014.01.??"]
[EventType "swiss"]
[EventRounds "11"]
[EventCountry "AUS"]
[SourceDate "2014.01.02"]

1. e4 c6 2. d4 d5 3. Nc3 dxe4 4. Nxe4 Bf5 5. Ng3 Bg6 6. h4 h6 7. Nf3 Nd7 8. h5
Bh7 9. Bd3 Bxd3 10. Qxd3 e6 11. Bf4 Qa5+ 12. Bd2 Bb4 13. c3 Be7 14. c4 Qc7 15.
O-O-O Ngf6 16. Ne4 Rd8 17. Kb1 c5 18. Bc3 Nxe4 19. Qxe4 Nf6 20. Qe2 O-O 21. Ne5
cxd4 22. Bxd4 Bc5 23. Bc3 Rxd1+ 24. Rxd1 Rd8 25. Rxd8+ Qxd8 26. Kc2 Qb6 27. Ng4
Nxg4 28. Qxg4 Bf8 29. Qd4 Qc5 30. Qxc5 Bxc5 31. f3 f6 32. b4 Be7 33. c5 Kf7 34.
Kd3 Ke8 35. Kc4 Kd7 36. a4 Bd8 37. Bd4 a6 38. Bc3 Kc6 39. b5+ axb5+ 40. axb5+
Kd7 41. g4 Bc7 42. Kd3 Ke7 43. Ke4 Kd7 44. f4 Ke7 45. Bb4 Kf7 46. f5 Bb8 47.
Ba5 Ke7 48. c6 bxc6 49. bxc6 Be5 50. c7 exf5+ 51. Kxf5 Kd7 52. Kg6 Kc8 53. Bb4
Kxc7 54. Bf8 1-0

[Event "2014 Australian Championships"]
[Site "Melbourne"]
[Date "2014.01.11"]
[Round "11.16"]
[White "Puccini, Jack"]
[Black "Stojic, Svetozar"]
[Result "0-1"]
[WhiteElo "2078"]
[BlackElo "2029"]
[PlyCount "74"]
[EventDate "2014.01.??"]
[EventType "swiss"]
[EventRounds "11"]
[EventCountry "AUS"]
[SourceDate "2014.01.02"]

1. Nf3 Nf6 2. c4 g6 3. Nc3 Bg7 4. e4 d6 5. d4 O-O 6. Be2 e5 7. d5 Nbd7 8. Bg5
h6 9. Bh4 g5 10. Bg3 Nh5 11. Nd2 Nf4 12. O-O f5 13. f3 Nxe2+ 14. Qxe2 f4 15.
Bf2 Nf6 16. c5 g4 17. Kh1 h5 18. Rac1 Rf7 19. cxd6 cxd6 20. Nc4 Bf8 21. Nb5 Rg7
22. Nxa7 g3 23. Bb6 Qe7 24. Nxc8 Rxc8 25. Na5 Rxc1 26. Rxc1 Ng4 27. h3 Qh4 28.
Kg1 Nf2 29. Rc7 Rg6 30. Nxb7 Nxh3+ 31. Kf1 Ng5 32. Qd3 Qh1+ 33. Bg1 h4 34. Rc2
h3 35. gxh3 Nxf3 36. Rg2 Nh4 37. Rc2 f3 0-1

[Event "2014 Australian Championships"]
[Site "Melbourne"]
[Date "2014.01.11"]
[Round "11.18"]
[White "Nemeth, John"]
[Black "Pyke, Malcolm"]
[Result "1-0"]
[WhiteElo "2115"]
[BlackElo "2123"]
[PlyCount "59"]
[EventDate "2014.01.??"]
[EventType "swiss"]
[EventRounds "11"]
[EventCountry "AUS"]
[SourceDate "2014.01.02"]

1. e4 e6 2. d4 d5 3. Nd2 Nf6 4. e5 Ne4 5. Bd3 c5 6. Nxe4 dxe4 7. Bxe4 cxd4 8.
Nf3 Bb4+ 9. Bd2 Bc5 10. O-O Nc6 11. Re1 Bd7 12. a3 a5 13. Qe2 h6 14. Rad1 Qb6
15. Bd3 a4 16. Bc1 Ne7 17. Nd2 Bc6 18. Ne4 Nf5 19. Nxc5 Qxc5 20. Bd2 Qd5 21.
Qg4 g6 22. Be4 Qd7 23. Bc3 h5 24. Qf4 g5 25. Qxg5 Bxe4 26. Rxe4 Qc6 27. Rexd4
Nxd4 28. Rxd4 Qc5 29. Bb4 Qxd4 30. Qe7# 1-0

[Event "2014 Australian Championships"]
[Site "Melbourne"]
[Date "2014.01.11"]
[Round "11.1"]
[White "Illingworth, Max"]
[Black "Smirnov, Anton"]
[Result "1-0"]
[WhiteElo "2434"]
[BlackElo "2338"]
[PlyCount "97"]
[EventDate "2014.01.??"]
[EventType "swiss"]
[EventRounds "11"]
[EventCountry "AUS"]
[SourceDate "2014.01.02"]
[WhiteClock "0:50:58"]
[BlackClock "0:21:21"]

1. c4 Nf6 2. Nc3 e5 3. g3 Bb4 4. Bg2 O-O 5. e4 Bxc3 6. dxc3 d6 7. Qe2 a6 8. Nf3
Qe7 9. Nd2 b5 10. cxb5 axb5 11. Qxb5 Ba6 12. Qa4 Nfd7 13. Qc2 Nc5 14. c4 Nc6
15. O-O Rfb8 16. b3 Nd4 17. Qb1 Na4 18. Re1 Qe6 19. Nf3 Nxf3+ 20. Bxf3 Nc5 21.
Qc2 Qf6 22. Bg2 Ne6 23. Be3 c5 24. Qd2 Qe7 25. f4 f6 26. f5 Nd4 27. g4 g5 28.
fxg6 hxg6 29. g5 f5 30. Bxd4 cxd4 31. exf5 Bb7 32. fxg6 Rf8 33. h4 Bxg2 34.
Qxg2 Rae8 35. Rf1 Kg7 36. Qe4 d3 37. Qxd3 Qe6 38. Qg3 Rf4 39. Rxf4 exf4 40.
Qxf4 Rf8 41. Qg3 Qe4 42. Rf1 Qd4+ 43. Kg2 Qe4+ 44. Rf3 Rf5 45. a4 Kg8 46. a5
Rxa5 47. Qf4 Ra2+ 48. Kg3 Qe1+ 49. Kg4 1-0

[Event "2014 Australian Championships"]
[Site "Melbourne"]
[Date "2014.01.11"]
[Round "11.2"]
[White "Papin, Vasily"]
[Black "Goldenberg, Igor"]
[Result "1/2-1/2"]
[WhiteElo "2510"]
[BlackElo "2373"]
[PlyCount "59"]
[EventDate "2014.01.??"]
[EventType "swiss"]
[EventRounds "11"]
[EventCountry "AUS"]
[SourceDate "2014.01.02"]
[WhiteClock "0:13:44"]
[BlackClock "0:10:02"]

1. d4 Nf6 2. c4 e6 3. Nf3 Bb4+ 4. Nbd2 b6 5. a3 Bxd2+ 6. Qxd2 Bb7 7. e3 d6 8.
Be2 Nbd7 9. O-O Ne4 10. Qc2 f5 11. b4 O-O 12. Bb2 Qe7 13. d5 e5 14. Ne1 g6 15.
Rd1 Nef6 16. Qb3 h6 17. Bd3 Kh7 18. f4 c6 19. dxc6 Bxc6 20. Bb1 Rae8 21. Nf3
Ba8 22. Qa4 a5 23. bxa5 Nc5 24. Qc2 Ng4 25. Rfe1 Bc6 26. Qd2 Ne4 27. Qe2 Nef2
28. Rc1 e4 29. Nd2 Nd3 30. h3 1/2-1/2

[Event "2014 Australian Championships"]
[Site "Melbourne"]
[Date "2014.01.11"]
[Round "11.3"]
[White "Tu, Hoang Thong"]
[Black "Solomon, Stephen"]
[Result "1-0"]
[WhiteElo "2428"]
[BlackElo "2371"]
[PlyCount "115"]
[EventDate "2014.01.??"]
[EventType "swiss"]
[EventRounds "11"]
[EventCountry "AUS"]
[SourceDate "2014.01.02"]

1. d4 Nf6 2. Bg5 c5 3. d5 e5 4. Nc3 d6 5. e4 Be7 6. Bd2 O-O 7. g3 Nbd7 8. Bg2
Ne8 9. Nge2 a6 10. a4 b6 11. O-O Rb8 12. Rb1 g6 13. Bh6 Ng7 14. f4 b5 15. axb5
axb5 16. b4 Qb6 17. Kh1 exf4 18. Bxf4 Ne5 19. bxc5 Qxc5 20. Qd4 Qxd4 21. Nxd4
Bd7 22. Ncxb5 Rbc8 23. Rfd1 Rc5 24. Na7 Nh5 25. Be3 Ng4 26. Bg1 Bf6 27. Rd2 Rc4
28. Rb7 Ba4 29. Bf1 Rxd4 30. Bxd4 Bxc2 31. Bg2 Bxd4 32. Rxd4 Nhf6 33. Kg1 Re8
34. Nb5 Nxe4 35. Rc7 Nef6 36. Rxc2 Re1+ 37. Bf1 Rxf1+ 38. Kxf1 Ne3+ 39. Ke2
Nxc2 40. Rc4 Na1 41. Nd4 Nxd5 42. Rc1 h5 43. Rxa1 Kg7 44. Nb5 Nf6 45. Nxd6 Ng4
46. h3 Nh6 47. Kf3 Kf6 48. Ra7 Ke6 49. Ne4 Ke5 50. Ng5 Kf6 51. Kf4 Kg7 52. Ke5
Kf8 53. Nxf7 Nxf7+ 54. Kf6 Nd6 55. Ra8+ Ne8+ 56. Ke6 g5 57. g4 hxg4 58. hxg4
1-0

[Event "2014 Australian Championships"]
[Site "Melbourne"]
[Date "2014.01.11"]
[Round "11.4"]
[White "Ly, Moulthun"]
[Black "Bjebork, Igor"]
[Result "1-0"]
[WhiteElo "2416"]
[BlackElo "2339"]
[PlyCount "55"]
[EventDate "2014.01.??"]
[EventType "swiss"]
[EventRounds "11"]
[EventCountry "AUS"]
[SourceDate "2014.01.02"]

1. e4 c6 2. d4 d5 3. e5 c5 4. dxc5 Nc6 5. Bb5 e6 6. Qg4 h5 7. Qe2 Bxc5 8. c3
Nge7 9. Nf3 Bd7 10. Bd3 Qc7 11. Bg5 Rf8 12. b4 Bb6 13. a4 a6 14. Bh4 f6 15. Bg3
fxe5 16. O-O Nf5 17. Bxf5 Rxf5 18. Nbd2 h4 19. Nxh4 Rg5 20. Rac1 Rc8 21. Kh1
Nd4 22. Qe1 Bxa4 23. cxd4 Qxc1 24. Qxc1 Rxc1 25. Rxc1 exd4 26. Nhf3 Rf5 27. Ne5
Bd7 28. Ndf3 1-0

[Event "2014 Australian Championships"]
[Site "Melbourne"]
[Date "2014.01.11"]
[Round "11.5"]
[White "Zelesco, Karl"]
[Black "Johansen, Darryl"]
[Result "1-0"]
[WhiteElo "2242"]
[BlackElo "2406"]
[PlyCount "83"]
[EventDate "2014.01.??"]
[EventType "swiss"]
[EventRounds "11"]
[EventCountry "AUS"]
[SourceDate "2014.01.02"]
[WhiteClock "0:45:31"]
[BlackClock "0:51:31"]

1. e4 c5 2. Nf3 Nc6 3. d4 cxd4 4. Nxd4 Nf6 5. Nc3 d6 6. Bg5 e6 7. Qd2 Qb6 8.
Nb3 a6 9. O-O-O Be7 10. f4 O-O 11. Bxf6 Bxf6 12. Qxd6 Bxc3 13. bxc3 Qe3+ 14.
Kb2 e5 15. f5 a5 16. Qc5 Qxe4 17. Bd3 Qh4 18. a4 Qxa4 19. g4 Qxg4 20. Rhg1 Qh5
21. Rxg7+ Kxg7 22. Rg1+ Kf6 23. Qxf8 Bxf5 24. Qg7+ Ke6 25. Rg5 Qxg5 26. Bc4+
Kd6 27. Qxg5 Be6 28. Bxe6 fxe6 29. Qd2+ Kc7 30. Nc5 Kb6 31. Nxe6 Ka7 32. Qf2+
Kb8 33. Qf8+ Ka7 34. Qc5+ Kb8 35. Qd6+ Ka7 36. Qd7 Rb8 37. Qxh7 Re8 38. Qf7 Re7
39. Qf2+ Ka6 40. Nc5+ Kb5 41. Ne4 Rg7 42. c4+ 1-0

[Event "2014 Australian Championships"]
[Site "Melbourne"]
[Date "2014.01.11"]
[Round "11.6"]
[White "Brown, Andrew"]
[Black "Cheng, Bobby"]
[Result "0-1"]
[WhiteElo "2259"]
[BlackElo "2433"]
[PlyCount "47"]
[EventDate "2014.01.??"]
[EventType "swiss"]
[EventRounds "11"]
[EventCountry "AUS"]
[SourceDate "2014.01.02"]
[WhiteClock "0:21:35"]
[BlackClock "0:43:15"]

1. d4 g6 2. c4 Bg7 3. Nc3 c5 4. d5 Bxc3+ 5. bxc3 f5 6. Qa4 Qb6 7. g4 fxg4 8. e4
e5 9. f4 exf4 10. Bxf4 Nf6 11. Bd3 Qb2 12. Ne2 Qxa1+ 13. Bc1 O-O 14. O-O Nh5
15. Rxf8+ Kxf8 16. Qb3 Nf4 17. Qd1 Nxe2+ 18. Bxe2 Qxc3 19. Bh6+ Kf7 20. Kg2
Qh3+ 21. Kg1 Qxh6 22. Qf1+ Kg8 23. Qf6 Qf8 24. Kg2 0-1

[Event "2014 Australian Championships"]
[Site "Melbourne"]
[Date "2014.01.11"]
[Round "11.7"]
[White "Lane, Gary"]
[Black "Schon, Eugene"]
[Result "0-1"]
[WhiteElo "2375"]
[BlackElo "2195"]
[PlyCount "82"]
[EventDate "2014.01.??"]
[EventType "swiss"]
[EventRounds "11"]
[EventCountry "AUS"]
[SourceDate "2014.01.02"]
[WhiteClock "0:32:38"]
[BlackClock "0:37:59"]

1. e4 c5 2. Nf3 d6 3. d4 cxd4 4. Nxd4 Nf6 5. Nc3 a6 6. a4 e5 7. Nf3 Qc7 8. Bg5
Nbd7 9. Nd2 h6 10. Bh4 g5 11. Bg3 Nc5 12. Qf3 Be7 13. Nc4 Bg4 14. Qe3 Be6 15.
b3 Qc6 16. f3 Ncd7 17. a5 Bd8 18. Qd2 Bxc4 19. Bxc4 b5 20. axb6 Bxb6 21. Nd5 a5
22. Qe2 Nxd5 23. exd5 Qc5 24. c3 Ke7 25. h4 a4 26. b4 Qc7 27. Ra3 Nf6 28. h5
Rhc8 29. Ba2 Bd4 30. cxd4 Qc1+ 31. Kf2 Qxh1 32. dxe5 Nxh5 33. exd6+ Kf8 34. d7
Rc1 35. Bd6+ Kg7 36. Bh2 Nf4 37. Qe5+ Kg6 38. Qe4+ Kh5 39. g4+ Kh4 40. Bg3+ Kh3
41. Bxf4 gxf4 0-1

[Event "2014 Australian Championships"]
[Site "Melbourne"]
[Date "2014.01.11"]
[Round "11.13"]
[White "Jordan, Bill"]
[Black "Zulfic, Fedja"]
[Result "1-0"]
[WhiteElo "2270"]
[BlackElo "2152"]
[PlyCount "111"]
[EventDate "2014.01.??"]
[EventType "swiss"]
[EventRounds "11"]
[EventCountry "AUS"]
[SourceDate "2014.01.02"]

1. Nf3 c5 2. c3 d5 3. d4 cxd4 4. cxd4 Nc6 5. Nc3 Bf5 6. Qb3 e6 7. Qxb7 Nge7 8.
Bf4 Rc8 9. e3 Qd7 10. Qxd7+ Kxd7 11. Ba6 Rd8 12. Ne5+ Nxe5 13. Bxe5 Nc6 14. Bb5
f6 15. Bg3 h5 16. h4 Bd6 17. Bxd6 Kxd6 18. Bxc6 Kxc6 19. Rc1 Rb8 20. b3 Kd6 21.
Kd2 g5 22. Na4 g4 23. Rc5 Rhc8 24. Rhc1 Rxc5 25. Rxc5 e5 26. g3 exd4 27. exd4
Be4 28. Ra5 Ra8 29. Ra6+ Ke7 30. Nb6 Re8 31. Rxa7+ Ke6 32. Na4 f5 33. Nc3 Bf3
34. Rh7 Kf6 35. Rh6+ Kg7 36. Rd6 Re7 37. b4 Rc7 38. Nxd5 Rc4 39. Kd3 Rc1 40.
Nc3 Rf1 41. Ke3 Re1+ 42. Kf4 Rf1 43. Kxf5 Rxf2 44. Kg5 Rg2 45. Nd5 Rxg3 46.
Rd7+ Kf8 47. Kf6 Ke8 48. Ke6 Bxd5+ 49. Rxd5 Re3+ 50. Kd6 Re4 51. Rxh5 Rxd4+ 52.
Kc5 Re4 53. Rg5 Kd7 54. h5 g3 55. h6 g2 56. Rxg2 1-0

[Event "2014 Australian Championships"]
[Site "Melbourne"]
[Date "2014.01.11"]
[Round "11.14"]
[White "Tang, Jason"]
[Black "Nakauchi, Gene"]
[Result "0-1"]
[WhiteElo "2067"]
[BlackElo "2210"]
[PlyCount "62"]
[EventDate "2014.01.??"]
[EventType "swiss"]
[EventRounds "11"]
[EventCountry "AUS"]
[SourceDate "2014.01.02"]

1. d4 Nf6 2. c4 c5 3. d5 e6 4. Nc3 exd5 5. cxd5 d6 6. Nf3 g6 7. h3 Bg7 8. e4
O-O 9. Bd3 b5 10. Nxb5 Re8 11. O-O Nxe4 12. Qa4 Bd7 13. Re1 a6 14. Bxe4 Qb6 15.
Bd2 Qxb5 16. Qc2 Qxb2 17. Qxb2 Bxb2 18. Rab1 Bg7 19. Bf4 Bf8 20. Bd3 Ba4 21.
Rxe8 Bxe8 22. Nd2 f5 23. Rb7 Nd7 24. Nc4 Ne5 25. Nxe5 dxe5 26. Bxe5 Bb5 27.
Bxb5 axb5 28. d6 b4 29. Rc7 Rxa2 30. d7 Rd2 31. Bf6 Rd1+ 0-1

[Event "2014 Australian Championships"]
[Site "Melbourne"]
[Date "2014.01.11"]
[Round "11.15"]
[White "Loh, Zachary"]
[Black "Castor, David"]
[Result "1/2-1/2"]
[WhiteElo "2032"]
[BlackElo "2125"]
[PlyCount "138"]
[EventDate "2014.01.??"]
[EventType "swiss"]
[EventRounds "11"]
[EventCountry "AUS"]
[SourceDate "2014.01.02"]

1. Nf3 d5 2. c4 d4 3. g3 Nc6 4. d3 e5 5. Bg2 Nf6 6. a3 a5 7. O-O Be7 8. e3 O-O
9. exd4 exd4 10. Re1 h6 11. Nbd2 Bf5 12. Qc2 Re8 13. b3 Bc5 14. Bb2 Qd6 15. Nf1
Rxe1 16. Nxe1 Re8 17. h3 Ne5 18. g4 Bc8 19. Nf3 Ng6 20. b4 axb4 21. axb4 Bxb4
22. Nxd4 Nf4 23. Ne3 Bc5 24. Nb5 Qxd3 25. Qxd3 Nxd3 26. Bxf6 Bxe3 27. fxe3 gxf6
28. Nxc7 Rf8 29. Nd5 Kg7 30. Rf1 Re8 31. Rxf6 Rxe3 32. Rxf7+ Kxf7 33. Nxe3 Kf6
34. Kh2 Ke5 35. Kg3 Kd4 36. Nf5+ Bxf5 37. gxf5 Ke5 38. Bf1 Nc5 39. Kg4 Ne4 40.
Bg2 Nf6+ 41. Kg3 b6 42. Bc6 Kxf5 43. Kf3 Ke5 44. Ke3 Ng8 45. Bf3 Ne7 46. Kd3
Ng6 47. Kc3 Nf4 48. h4 Ng6 49. h5 Nf4 50. Kb4 Ne6 51. Bg4 Nc7 52. Kc3 Na6 53.
Kd3 Nc5+ 54. Ke3 Ne4 55. Be2 Ng3 56. Bd1 Nf5+ 57. Kd3 Nd6 58. Be2 Ne4 59. Ke3
Nc3 60. Bf3 Na4 61. Bd1 Nc5 62. Bf3 Ne6 63. Bg4 Ng7 64. Bd1 Nf5+ 65. Kd3 Kf4
66. Kc3 Ke3 67. Bc2 Nd6 68. Bg6 Nb7 69. Bf7 Nd6 1/2-1/2

[Event "2014 Australian Championships"]
[Site "Melbourne"]
[Date "2014.01.11"]
[Round "11.19"]
[White "Stojic, Dusan"]
[Black "Levi, Eddy"]
[Result "0-1"]
[WhiteElo "2233"]
[BlackElo "2134"]
[PlyCount "86"]
[EventDate "2014.01.??"]
[EventType "swiss"]
[EventRounds "11"]
[EventCountry "AUS"]
[SourceDate "2014.01.02"]

1. Nf3 d5 2. g3 Nc6 3. d4 Bg4 4. Bg2 Qd7 5. h3 Bh5 6. c4 e6 7. Nc3 Bb4 8. a3
Bxc3+ 9. bxc3 Nf6 10. Rb1 Rb8 11. Nh4 Ne4 12. cxd5 exd5 13. g4 Bg6 14. Nxg6
hxg6 15. Qd3 f5 16. O-O O-O 17. c4 dxc4 18. Qxc4+ Kh7 19. Bxe4 fxe4 20. d5 Ne7
21. Rb5 Nc8 22. Rc5 Nb6 23. Qxe4 Rbe8 24. Qd3 Re5 25. e4 Qe7 26. Qc2 c6 27. f3
Nd7 28. Ra5 cxd5 29. Bb2 d4 30. Rxa7 Rc5 31. Qd1 Qd6 32. Kg2 d3 33. Rxb7 Rc2+
34. Rf2 Rxf2+ 35. Kxf2 Qh2+ 36. Ke3 Qf4+ 37. Kf2 Nc5 38. Rxg7+ Kh6 39. Kg2 Nxe4
40. Bc1 d2 41. Bxd2 Nxd2 42. Rc7 Qxc7 43. Qxd2+ Qf4 0-1

[Event "2014 Australian Championships"]
[Site "Melbourne"]
[Date "2014.01.11"]
[Round "11.20"]
[White "Hu, Jason"]
[Black "Vlietstra, Marc"]
[Result "1-0"]
[WhiteElo "2118"]
[BlackElo "2035"]
[PlyCount "91"]
[EventDate "2014.01.??"]
[EventType "swiss"]
[EventRounds "11"]
[EventCountry "AUS"]
[SourceDate "2014.01.02"]

1. d4 Nf6 2. Nf3 g6 3. Bf4 Bg7 4. e3 d6 5. h3 b6 6. Bc4 Bb7 7. O-O Nbd7 8. Bh2
O-O 9. c3 a6 10. Nbd2 e6 11. Re1 Re8 12. a4 Ra7 13. e4 d5 14. exd5 Nxd5 15. Qb3
c5 16. Ne4 Ba8 17. Rad1 cxd4 18. Nxd4 Nc5 19. Nxc5 bxc5 20. Nf3 Ree7 21. Bf4
Reb7 22. Qc2 Rd7 23. Bg5 Qc7 24. Qe2 h6 25. Bh4 Nb6 26. Bg3 Qc8 27. Bxe6 fxe6
28. Qxe6+ Kh7 29. Qxb6 Bxf3 30. Rxd7 Rxd7 31. gxf3 Rd5 32. Kg2 Rh5 33. Re6 a5
34. Qc6 Qf8 35. Rxg6 Qf5 36. Rg4 Qf7 37. Qe4+ Kg8 38. Qa8+ Kh7 39. Qxa5 Rf5 40.
Qa8 h5 41. Qe4 Kh8 42. Rf4 Rxf4 43. Qxf4 Qa2 44. Qg5 Qxa4 45. Qxh5+ Kg8 46.
Qxc5 1-0